| 000 | 00535nam a2200169 i 4500 | ||
|---|---|---|---|
| 001 | 115748 | ||
| 003 | ES-MaACL | ||
| 005 | 20230906190541.0 | ||
| 007 | t| | ||
| 008 | 070511s1971 sp ||||1| spa d | ||
| 110 | 2 |
_aUniversidad de Granada. _bFacultad de Farmacia. _97182 |
|
| 245 | 1 | 0 |
_aMemoria 1968-1969 / _cFacultad de Farmacia. |
| 260 |
_aGranada : _bUniversidad, _c[1971] |
||
| 300 |
_a173 p. ; _c24 cm. |
||
| 610 | 2 | 4 |
_aUniversidad de Granada. _bFacultad de Farmacia- _vMemorias. _9170436 |
| 852 |
_aES-MaACL _jC-41293 _bR.77129 |
||
| 999 |
_c115748 _d115748 |
||